African social studies : (Record no. 19818)
[ view plain ]
| 000 -LEADER | |
|---|---|
| fixed length control field | 00961cam a2200313 i 4500 |
| 001 - CONTROL NUMBER | |
| control field | 2742501 |
| 003 - CONTROL NUMBER IDENTIFIER | |
| control field | BDDh-ASL |
| 005 - DATE AND TIME OF LATEST TRANSACTION | |
| control field | 20231015025817.0 |
| 008 - FIXED-LENGTH DATA ELEMENTS--GENERAL INFORMATION | |
| fixed length control field | 780802s1977 enk b 001 0 eng |
| 010 ## - LIBRARY OF CONGRESS CONTROL NUMBER | |
| LC control number | 78308057 |
| 015 ## - NATIONAL BIBLIOGRAPHY NUMBER | |
| National bibliography number | GB*** |
| 020 ## - INTERNATIONAL STANDARD BOOK NUMBER | |
| International Standard Book Number | 0435890425 : 0435890433 pbk. |
| 040 ## - CATALOGING SOURCE | |
| Original cataloging agency | DLC |
| Transcribing agency | DLC |
| Modifying agency | DLC |
| -- | BDDh-ASL |
| 043 ## - GEOGRAPHIC AREA CODE | |
| Geographic area code | f------ |
| 050 00 - LIBRARY OF CONGRESS CALL NUMBER | |
| Classification number | HN777 |
| Item number | .A37 1977b |
| 082 00 - DEWEY DECIMAL CLASSIFICATION NUMBER | |
| Classification number | 309.16 |
| Item number | AFR |
| 245 00 - TITLE STATEMENT | |
| Title | African social studies : |
| Remainder of title | a radical reader / |
| Statement of responsibility, etc. | edited by Peter C. W. Gutkind and Peter Waterman. |
| 260 ## - PUBLICATION, DISTRIBUTION, ETC. | |
| Place of publication, distribution, etc. | London : |
| Name of publisher, distributor, etc. | Heinemann, |
| Date of publication, distribution, etc. | 1977. |
| 300 ## - PHYSICAL DESCRIPTION | |
| Extent | ix, 481 p. : |
| Dimensions | 23 cm. |
| 500 ## - GENERAL NOTE | |
| General note | Includes index. |
| 504 ## - BIBLIOGRAPHY, ETC. NOTE | |
| Bibliography, etc. note | Bibliography: p. 423-462. |
| 650 #0 - SUBJECT ADDED ENTRY--TOPICAL TERM | |
| Topical term or geographic name entry element | Radicalism |
| Geographic subdivision | Africa. |
| 651 #0 - SUBJECT ADDED ENTRY--GEOGRAPHIC NAME | |
| Geographic name | Africa |
| General subdivision | Social conditions. |
| 651 #0 - SUBJECT ADDED ENTRY--GEOGRAPHIC NAME | |
| Geographic name | Africa |
| General subdivision | Economic conditions. |
| 700 1# - ADDED ENTRY--PERSONAL NAME | |
| Personal name | Gutkind, Peter Claus Wolfgang. |
| 700 1# - ADDED ENTRY--PERSONAL NAME | |
| Personal name | Waterman, Peter, |
| Dates associated with a name | 1936- |
| 906 ## - LOCAL DATA ELEMENT F, LDF (RLIN) | |
| a | 7 |
| b | cbc |
| c | orignew |
| d | 3 |
| e | ncip |
| f | 19 |
| g | y-gencatlg |
| 942 ## - ADDED ENTRY ELEMENTS (KOHA) | |
| Source of classification or shelving scheme | Dewey Decimal Classification |
| Koha item type | Books |
| Withdrawn status | Lost status | Source of classification or shelving scheme | Damaged status | Not for loan | Collection code | Home library | Current library | Shelving location | Date acquired | Source of acquisition | Total Checkouts | Full call number | Barcode | Date last seen | Copy number | Price effective from | Koha item type | Public note |
|---|---|---|---|---|---|---|---|---|---|---|---|---|---|---|---|---|---|---|
| Dewey Decimal Classification | Not For Loan | Non-fiction | Asiatic Society Library | Asiatic Society Library | Ludden Collection | 12/19/2020 | Donated by Prof. David Ludden | 309.16 AFR | 103203 | 12/19/2020 | C-1 | 12/19/2020 | Books | RARE |